| 000 | 00879nam a2200193 i 4500 | ||
|---|---|---|---|
| 040 | _cGPO | ||
| 082 | _a333 WHO 2017 A042 Or. | ||
| 110 | 1 | _aUnited States. | |
| 245 | 1 | 0 |
_aAgriculture's role in combating global hunger : GLOBAL NUTRITION POLICY REVIEW 2016-2017 _bhearing before the Committee on Agriculture, Nutrition, and Forestry, United States Senate, One Hundred Fourteenth Congress, first session, December 2, 2015. |
| 300 |
_a1 online resource (iii, 122 pages) : _billustrations. |
||
| 490 | 1 | _aS. hrg. ; | |
| 500 | _aTitle from title screen (viewed on May 20, 2016). | ||
| 500 | _aPaper version available for sale by the Superintendent of Documents, U.S. Government Publishing Office. | ||
| 650 | 0 | _aFood relief, American | |
| 650 | 0 | _aAgricultural assistance, American | |
| 650 | 0 | _aFood security | |
| 856 | 4 | 0 | _uhttp://purl.fdlp.gov/GPO/gpo68341 |
| 942 | _cAEDBB | ||
| 999 |
_c21018 _d21018 |
||